Účtovníctvo nezárobkových organizácií
Najčastejšie účtovné prípady, ktoré sa môžu vyskytnúť v nezárobkových organizáciách a ich zaúčtovanie v sústave podvojného účtovníctva. Trieda 0 - investičný majetok. Účtovné operácie. Použité účty.
Salvato in:
| Autore principale: | |
|---|---|
| Natura: | Capitolo di libro |
| Lingua: | slovacco |
| Soggetti: | |
| Tags: |
Nessun Tag, puoi essere il primo ad aggiungerne!!
|
MARC
| LEADER | 00000naa a2200000 4500 | ||
|---|---|---|---|
| 001 | r040741 | ||
| 005 | 20230919091616.0 | ||
| 041 | 0 | |a slo | |
| 044 | |a SK | ||
| 245 | 1 | 0 | |a Účtovníctvo nezárobkových organizácií |c Viera Laszová |
| 520 | |a Najčastejšie účtovné prípady, ktoré sa môžu vyskytnúť v nezárobkových organizáciách a ich zaúčtovanie v sústave podvojného účtovníctva. Trieda 0 - investičný majetok. Účtovné operácie. Použité účty. | ||
| 610 | 2 | 0 | |a organizácie neziskové |
| 610 | 2 | 0 | |a účtovníctvo |
| 610 | 2 | 0 | |a prípady účtovné |
| 610 | 2 | 0 | |a triedy účtové |
| 610 | 2 | 0 | |a majetok investičný |
| 610 | 2 | 0 | |a operácie účtovné |
| 610 | 2 | 0 | |a účty |
| 100 | 1 | |a Laszová, Viera | |